000 00505nam a2200181Ia 4500
008 090124s9999 xx 000 0 und d
082 _b16772
_a2197
100 _aटोळ दत्ता श्री.
245 _a छोटा लाल
250 _a1
260 _c1968
300 _a36
600 _aटोळ दत्ता श्री.
630 _a छोटा लाल
700 _aटोळ दत्ता श्री.
730 _a छोटा लाल
942 _cBOOK
999 _c130712
_d130712